000 00808nam a2200229 i 4500
001 bg
245 0 0 _aBiologia sanitarna :
_bmateriały pomocnicze do ćwiczeń /
_c[aut. Barbara Błachno et al.] ; Politechnika Białostocka.
260 _aBiałystok :
_bWydawnictwa PB,
_c1997.
300 _a144 s. :
_brys., 2 wykr. ;
_c23 cm.
521 _aWydaw. dydaktyczne Wydz. Budownictwa i Inżynierii Środowiska.
650 9 _aBiologia sanitarna
655 _aPodręczniki akademickie
700 1 _aBŁACHNO, Barbara.
020 _a8386272562
040 _cBPK
041 0 _apl
080 _a579.63(075.8)
920 _a83-86272-56-2
942 _cKS
008 s pl f |000 0 pol
856 _uhttp://koha.tu.koszalin.pl/cgi-bin/koha/opac-detail.pl?biblionumber=32620
_yKatalog online BPK
999 _c32620
_d32620